Effects of exogenous and endogenous growth regulators on some growth processes in Hevea brasiliensis (Record no. 58329)

MARC details
000 -LEADER
fixed length control field 00472nam a2200133Ia 4500
100 ## - MAIN ENTRY--AUTHOR NAME
Personal name Pakianathan S W
245 #0 - TITLE STATEMENT
Title Effects of exogenous and endogenous growth regulators on some growth processes in Hevea brasiliensis
260 ## - PUBLICATION, DISTRIBUTION, ETC. (IMPRINT)
Name of publisher Proceedings of the International Rubber Conference, Kuala Lumpur. V.2, 1975; p109-138
650 ## - SUBJECT ADDED ENTRY--TOPICAL TERM
Topical Term Growth regulators
650 ## - SUBJECT ADDED ENTRY--TOPICAL TERM
Topical Term Hevea brasiliensis
700 ## - ADDED ENTRY--PERSONAL NAME
Personal name Wain R L
942 ## - ADDED ENTRY ELEMENTS (KOHA)
Koha item type Journals
Holdings
Withdrawn status Lost status Damaged status Not for loan Home library Current library Shelving location Date acquired Koha item type
      Journals RRII Library RRII Library Botany 17/12/2021 Journals